<?xml version="1.0" encoding="UTF-8"?>
<record
    xmlns:xsi="http://www.w3.org/2001/XMLSchema-instance"
    xsi:schemaLocation="http://www.loc.gov/MARC21/slim http://www.loc.gov/standards/marcxml/schema/MARC21slim.xsd"
    xmlns="http://www.loc.gov/MARC21/slim">

  <leader>01835cam a22003011  4500</leader>
  <controlfield tag="001">rc 01000910 </controlfield>
  <controlfield tag="003">DLC</controlfield>
  <controlfield tag="005">20260227111901.0</controlfield>
  <controlfield tag="007">cr |||||||||||</controlfield>
  <controlfield tag="008">810519s1894    nyuf          000 0 eng  </controlfield>
  <datafield tag="010" ind1=" " ind2=" ">
    <subfield code="a">rc 01000910 </subfield>
  </datafield>
  <datafield tag="040" ind1=" " ind2=" ">
    <subfield code="a">DLC</subfield>
    <subfield code="c">CarP</subfield>
    <subfield code="d">DLC</subfield>
  </datafield>
  <datafield tag="043" ind1=" " ind2=" ">
    <subfield code="a">n-us-ca</subfield>
    <subfield code="a">n-usp--</subfield>
  </datafield>
  <datafield tag="050" ind1="0" ind2="0">
    <subfield code="a">F867</subfield>
    <subfield code="b">.S86</subfield>
  </datafield>
  <datafield tag="100" ind1="1" ind2=" ">
    <subfield code="a">Stoddard, Charles Augustus,</subfield>
    <subfield code="d">1833-1920.</subfield>
  </datafield>
  <datafield tag="245" ind1="1" ind2="0">
    <subfield code="a">Beyond the Rockies;</subfield>
    <subfield code="b">a spring journey in California,</subfield>
    <subfield code="c">by Charles Augustus Stoddard ...</subfield>
  </datafield>
  <datafield tag="260" ind1=" " ind2=" ">
    <subfield code="a">New York,</subfield>
    <subfield code="b">C. Scribner's sons,</subfield>
    <subfield code="c">1894.</subfield>
  </datafield>
  <datafield tag="300" ind1=" " ind2=" ">
    <subfield code="a">xiii, 214 p.</subfield>
    <subfield code="b">front., plates.</subfield>
    <subfield code="c">21 cm.</subfield>
  </datafield>
  <datafield tag="520" ind1=" " ind2=" ">
    <subfield code="a">Charles Augustus Stoddard (1833-1920), a Presbyterian clergyman, was the editor of the New York Observer, 1885-1902. Beyond the Rockies (1894) recounts his train trip to California with his wife in early 1893. Their route through the south allowed for stopovers in New Orleans, San Antonio, El Paso, and an Indian Bureau school near Tucson. The Stoddards visit California from south to north, including Coronado Beach, Pasadena, Los Angeles, Santa Barbara and the missions, Yosemite, the redwood forests, Hetch-Hetchy Valley, the Santa Clara Valley, San Francisco, and Sacramento. Eastward bound, he describes stopovers in Salt Lake City, Leadville, Colorado Springs, Manitou, and Denver, and the Chicago World's Fair.</subfield>
  </datafield>
  <datafield tag="530" ind1=" " ind2=" ">
    <subfield code="a">Also available in digital form on the Library of Congress Web site.</subfield>
  </datafield>
  <datafield tag="540" ind1=" " ind2=" ">
    <subfield code="a">No known restrictions on publication.</subfield>
  </datafield>
  <datafield tag="530" ind1=" " ind2=" ">
    <subfield code="a">Also available in digital form on the Internet Archive Web site.</subfield>
  </datafield>
  <datafield tag="651" ind1=" " ind2="0">
    <subfield code="a">California, Southern</subfield>
    <subfield code="x">Description and travel.</subfield>
  </datafield>
  <datafield tag="651" ind1=" " ind2="0">
    <subfield code="a">West (U.S.)</subfield>
    <subfield code="x">Description and travel.</subfield>
  </datafield>
  <datafield tag="650" ind1=" " ind2="0">
    <subfield code="a">Ethnic groups</subfield>
    <subfield code="z">California.</subfield>
  </datafield>
  <datafield tag="856" ind1="4" ind2="1">
    <subfield code="d">calbk</subfield>
    <subfield code="f">016</subfield>
    <subfield code="q">t</subfield>
    <subfield code="u">http://hdl.loc.gov/loc.gdc/calbk.016</subfield>
  </datafield>
  <datafield tag="856" ind1="4" ind2="1">
    <subfield code="u">http://hdl.loc.gov/loc.gdc/scd0001.00110226470</subfield>
  </datafield>
  <datafield tag="999" ind1=" " ind2=" ">
    <subfield code="c">51953</subfield>
    <subfield code="d">51953</subfield>
  </datafield>
</record>
